000
00322nam a2200145Ia 4500
008
191201s2009 xx 000 0 und d
082
_a
621.38173
_b
SZV
100
_a
SZE, S.M.
245
0
_a
VLSI Technology
250
_a
Imp
260
_a
N.Delhi
_b
TMH
_c
2009
300
_a
584
650
_a
B.Tech(ECE)
942
_2
ddc
_c
BK
999
_c
3468
_d
3468